000 00978nam a2200265Ia 4500
001 22032
005 20260320113336.0
008 260320s9999||||xx |||||||||||||| ||und||
020 _a9786125136770
041 _aESP
082 _a378.985
_bS24
100 _aSánchez Sánchez, Rohel,
_eAUT
245 0 _aDesafíos y oportunidades en la gestión de la universidad pública : propuesta de mejora en el marco de la Ley n° 30220
_b
246 _a
_5
_b
250 _aPrimera edición
260 _aArequipa :
_bEditorial UNSA,
_c2025
300 _axiv, 230 páginas :
_bcuadros ;
_c23 cm.
_e
440 _a
_n
_v
650 _aCIS
653 _aUniversidad superior; Universidad pública - Arequipa (Perú); Universidad Nacional de San Agustín de Arequipa (Perú)
654 _aCED
700 _a
_c
856 _uhttps://0u20fnxwu-y-https-research-ebsco-com.itmsp.museknowledge.com/c/qxo6us/search
_zVéase además: Base de datos EBSCOhost
942 _cLIB
_dJUS
_fMAT
_2ddc
_n
999 _c22032
_d22032